Листовка Главного политуправления Красной армии с фотографиями немецких и румынских генералов, взятых в плен в районе Сталинград...

RUSMARC
00005027cam0a2200313#x 450
001dc034f52-4420-4552-bb82-51f4b10d3e8a
00520240220094703.0
100##$a20240216j194301##k###0rusy50 ca
1010#$arus
102##$aRU
1220#$ad194301####
2001#$aЛистовка Главного политуправления Красной армии с фотографиями немецких и румынских генералов, взятых в плен в районе Сталинграда
$jЯнварь 1943 г.
251##$cДокумент
300##$aТипографский экз.
461#0$12001
$aФ. 32
$1251
$cФонд
$1852
$j32
462#0$12001
$aОп. А-32531
$1251
$cОпись
$1852
$jА-32531
462#0$12001
$aД. 64
$vЛ. 174об.
$1251
$cДело
$1852
$j64
60102$aРабоче-Крестьянская Красная армия
$c1918-1946
$bГлавное политическое управление
$jЛистовки
$2prlib_sh
605##$2prlib_sh
$3LIBNET\UAF\0000088514
$aВторая мировая война в архивных документах (Комплекс оцифрованных архивных документов, кино- и фотоматериалов)
$lколлекция
6061#$2nlr_sh
$3RU\NLR\AUTH\661261857
$aСталинградская битва
$z1942 - 1943
$jЛистовки
6061#$2nlr_sh
$3RU\NLR\AUTH\661524615
$aВеликая Отечественная война
$z1941 - 1945
$xНемецкие военнопленные
$jЛистовки
6061#$2uaf_libnet
$3LIBNET\UAF\0000110892
$aВоеннопленные румынские
$yСССР
$z1941 - 1945
$jЛистовки
686##$a63.3(2)622,12ю1
$vLBC/M
$2rubbk
686##$a63.3(2)622,72ю1
$vLBC/M
$2rubbk
801#0$aRU
$bПБ им. Б.Н. Ельцина
$c20240216
801#1$aRU
$bПБ им. Б.Н. Ельцина
$c20240216
$2rusmarc
801#2$aRU
$bПБ им. Б.Н. Ельцина
$c20240220
$2rusmarc
850##$aЦентральный архив Министерства обороны Российской Федерации
852##$aЦА МО РФ
$jЛ. 174об.
035##$aLIBNET\0001381605
937##$d191019430
$hФедеральное архивное агентство
8564#$uhttp://readingroom.main.prlib.ru/item.aspx?id_node=n191019430&mode=full
Формат отображения